[Event "PRO League Group Stage"]
[Site "chess.com INT"]
[Date "2020.01.15"]
[Round "2"]
[White "Asis Gargatagli, Hipolito"]
[Black "Amin, Bassem"]
[Result "0-1"]
[WhiteTitle "GM"]
[BlackTitle "GM"]
[WhiteElo "2490"]
[BlackElo "2673"]
[WhiteTeam "Spain Raptors"]
[BlackTeam "Sweden Wasabis"]
[WhiteFideId "2260735"]
[BlackFideId "10601457"]
[EventDate "2020.01.06"]

1. e4 e5 2. Nf3 Nc6 3. d4 exd4 4. Nxd4 Nf6 5. Nxc6 bxc6 6. Bd3 d5 7. exd5 cxd5
8. O-O Be7 9. c4 O-O 10. cxd5 Bb7 11. Nc3 Nxd5 12. Bd2 Rb8 13. Re1 Bf6 14. Ne4
Bxb2 15. Rb1 Bd4 16. Qh5 g6 17. Qh3 Bg7 18. Bg5 Qc8 19. Qh4 Ba8 20. Bc4 Rxb1 21.
Rxb1 Qf5 22. Re1 h5 23. Bd3 Qg4 24. Qxg4 hxg4 25. Rc1 Re8 26. Nc5 Nc3 27. Bd2
Ne2+ 28. Bxe2 Rxe2 29. Nb3 Bd5 30. Kf1 Re7 31. Be3 c6 32. Nd4 a6 33. Nxc6 Rc7
34. Nb4 Rxc1+ 35. Bxc1 Bc4+ 36. Ke1 a5 37. Nc6 Bxa2 38. Nxa5 Bd5 39. g3 Bd4 40.
Be3 Bxe3 41. fxe3 Kg7 42. e4 Bxe4 43. Nc4 f5 44. Kd2 Kf6 45. Ke3 Bd5 46. Nd2 Ke5
47. Nb1 g5 48. Nc3 f4+ 49. Kf2 Bc4 50. Ke1 Kd4 51. Kd2 Ba6 52. Nd1 Ke4 53. Ke1
Kf3 54. Nc3 Kg2 55. Ne4 Bd3 56. Nf2 Bf5 57. Nd1 Kxh2 0-1

[Event "PRO League Group Stage"]
[Site "chess.com INT"]
[Date "2020.01.15"]
[Round "2"]
[White "Forcen Esteban, Daniel"]
[Black "Berg, Emanuel"]
[Result "0-1"]
[WhiteTitle "GM"]
[BlackTitle "GM"]
[WhiteElo "2548"]
[BlackElo "2544"]
[WhiteTeam "Spain Raptors"]
[BlackTeam "Sweden Wasabis"]
[WhiteFideId "2288230"]
[BlackFideId "1704060"]
[EventDate "2020.01.06"]

1. d4 Nf6 2. c4 g6 3. Nc3 Bg7 4. e4 d6 5. Nge2 c5 6. d5 e6 7. Ng3 exd5 8. exd5
O-O 9. Be2 Re8 10. O-O a6 11. Bf4 b6 12. Re1 Ra7 13. Bd3 Rxe1+ 14. Qxe1 Re7 15.
Qd2 Ne8 16. Nce4 Qc7 17. Re1 Nd7 18. Bg5 f6 19. Be3 Ne5 20. Bf1 Nf7 21. h4 Qd7
22. h5 g5 23. b3 h6 24. f4 Qg4 25. fxg5 fxg5 26. Bf2 Ne5 27. b4 Qf4 28. Be3 Qh4
29. Be2 Nf6 30. Nxd6 Qxg3 31. Bf2 Nf3+ 32. Bxf3 Rxe1+ 33. Qxe1 Qxd6 34. bxc5
bxc5 35. Be4 Bf8 36. Bg6 Bd7 37. Bg3 Qe7 38. Qf2 Ng4 39. Qf3 Qe3+ 40. Kf1 Qxf3+
41. gxf3 Ne3+ 42. Ke2 Nxc4 43. Kd3 Bd6 44. Bf2 Ne5+ 0-1

[Event "PRO League Group Stage"]
[Site "chess.com INT"]
[Date "2020.01.15"]
[Round "2"]
[White "Blomqvist, Erik"]
[Black "Herrera Reyes, Jose Antonio"]
[Result "1-0"]
[WhiteTitle "GM"]
[BlackTitle "FM"]
[WhiteElo "2539"]
[BlackElo "2304"]
[WhiteTeam "Sweden Wasabis"]
[BlackTeam "Spain Raptors"]
[WhiteFideId "1709437"]
[BlackFideId "2274914"]
[EventDate "2020.01.06"]

1. e4 c5 2. Nf3 e6 3. c3 Qa5 4. Na3 a6 5. Nc4 Qc7 6. a4 b6 7. a5 bxa5 8. Nxa5
Nf6 9. Qa4 Be7 10. Bd3 O-O 11. e5 Nd5 12. Qe4 g6 13. h4 Nc6 14. Nxc6 Qxc6 15. h5
Bb7 16. Qg4 f5 17. Qg3 Kg7 18. Bc2 Rh8 19. d3 Rag8 20. Bg5 Kf7 21. h6 Ke8 22.
Qh4 Bxg5 23. Nxg5 Rf8 24. Kd2 Qb6 25. Rhb1 Qc7 26. f4 a5 27. Ra3 Qb6 28. Qf2 Ke7
29. Qh4 Ke8 30. Rb3 Qa7 31. Qf2 Ke7 32. Rb5 Rc8 33. Ra1 Bc6 34. Rbxa5 Qb6 35.
Ra6 Qxb2 36. Qxc5+ Ke8 37. Rxc6 dxc6 38. Ra7 Rf8 39. Rxh7 Qa1 40. Nxe6 Rg8 41.
Ng7+ Kf7 42. Nxf5+ Ke6 43. Nd4# 1-0

[Event "PRO League Group Stage"]
[Site "chess.com INT"]
[Date "2020.01.15"]
[Round "2"]
[White "Grigorov, Grigor"]
[Black "Diaz Camallonga, Carles"]
[Result "0-1"]
[WhiteTitle "GM"]
[BlackTitle "IM"]
[WhiteElo "2507"]
[BlackElo "2474"]
[WhiteTeam "Sweden Wasabis"]
[BlackTeam "Spain Raptors"]
[WhiteFideId "2907313"]
[BlackFideId "22235256"]
[EventDate "2020.01.06"]

1. Nf3 Nf6 2. c4 e6 3. g3 d5 4. Bg2 Be7 5. d4 O-O 6. Nc3 dxc4 7. Ne5 Qd6 8. Bf4
Qa6 9. a4 c6 10. O-O Nbd7 11. e4 Nxe5 12. Bxe5 Qa5 13. Qe2 Nd7 14. Bf4 e5 15.
dxe5 Nxe5 16. Nd5 cxd5 17. Bxe5 dxe4 18. Qxe4 Be6 19. Qxb7 Qxe5 20. Qxe7 Rfe8
21. Qb7 Rab8 22. Qxa7 Qxb2 23. a5 c3 24. a6 c2 25. Bb7 Rbd8 26. Qc5 Bh3 27. Bg2
Qxa1 28. Qxc2 Qxf1+ 29. Kxf1 Bf5 30. Qc1 Bd3+ 31. Kg1 Bxa6 32. h4 Be2 33. Qc7
Bg4 34. Qf4 h5 35. Be4 g6 36. Bf3 Bxf3 37. Qxf3 Rd2 38. Kf1 Rc8 39. Qe3 Rcc2 40.
Qe8+ Kg7 41. Qe5+ Kh7 42. Qf6 Rxf2+ 43. Qxf2 Rxf2+ 44. Kxf2 Kg7 45. Kf3 Kf6 46.
Kf4 Ke6 47. Kg5 Ke5 48. Kh6 Kf5 49. Kg7 Kg4 50. Kxf7 Kxg3 51. Kxg6 Kxh4 52. Kf5
Kg3 0-1

[Event "PRO League Group Stage"]
[Site "chess.com INT"]
[Date "2020.01.15"]
[Round "2"]
[White "Spoelman, Wouter"]
[Black "Meier, Georg"]
[Result "1-0"]
[WhiteTitle "GM"]
[BlackTitle "GM"]
[WhiteElo "2578"]
[BlackElo "2629"]
[WhiteTeam "Netherlands Mosquitoes"]
[BlackTeam "Germany Bears"]
[WhiteFideId "1010891"]
[BlackFideId "4675789"]
[EventDate "2020.01.06"]

1. c4 b6 2. b3 Bb7 3. Bb2 Nf6 4. Nf3 e6 5. g3 c5 6. Bg2 Be7 7. O-O O-O 8. e3 d6
9. Nc3 Nbd7 10. d4 Ne4 11. Qd3 Nxc3 12. Bxc3 cxd4 13. Nxd4 Ne5 14. Qe2 Bxg2 15.
Kxg2 Qd7 16. Rfd1 a6 17. e4 Qb7 18. f3 Rfc8 19. a4 Nd7 20. Ra2 Bf6 21. Bb4 Nc5
22. Qe3 h6 23. h4 Rc7 24. Ne2 Rc6 25. Rad2 Qe7 26. Nf4 g6 27. h5 g5 28. Nh3 Bg7
29. Nf2 Re8 30. a5 Qc7 31. axb6 Qxb6 32. Rxd6 Rec8 33. Bxc5 Qxc5 34. Qxc5 Rxc5
35. Rxa6 Rb8 36. Rd3 Rc7 37. Rad6 Bf8 38. Rd8 Rbb7 39. Ng4 Kg7 40. e5 Be7 41.
Re8 Ra7 42. f4 gxf4 43. gxf4 Bh4 44. Kh3 1-0

[Event "PRO League Group Stage"]
[Site "chess.com INT"]
[Date "2020.01.15"]
[Round "2"]
[White "Van Wely, Loek"]
[Black "Tomczak, Jacek"]
[Result "1/2-1/2"]
[WhiteTitle "GM"]
[BlackTitle "GM"]
[WhiteElo "2609"]
[BlackElo "2603"]
[WhiteTeam "Netherlands Mosquitoes"]
[BlackTeam "Germany Bears"]
[WhiteFideId "1000268"]
[BlackFideId "1124668"]
[EventDate "2020.01.06"]

1. Nf3 Nf6 2. c4 c5 3. Nc3 d5 4. cxd5 Nxd5 5. d4 Nxc3 6. bxc3 cxd4 7. cxd4 e5 8.
dxe5 Qxd1+ 9. Kxd1 Nc6 10. e3 Bf5 11. Bc4 O-O-O+ 12. Ke2 Na5 13. Bxf7 Bd3+ 14.
Ke1 Nc6 15. a3 g6 16. Bb2 Bg7 17. Rd1 Rhf8 18. Ba2 Rfe8 19. Bb1 Bxb1 20. Rxb1
Nxe5 21. Ke2 Nxf3 22. gxf3 Bxb2 23. Rxb2 Re5 24. h4 Rd6 25. Rc1+ Kb8 26. Rbc2 a6
27. Rc5 Rdd5 28. Rc7 Rh5 29. R1c4 Rb5 30. a4 Rb2+ 31. Kf1 Rd5 32. Rc2 Rb1+ 33.
Kg2 h5 34. Rg7 Rdd1 35. f4 Rd6 36. Rc4 Rb2 37. Kf3 Ka7 38. Rc5 Rdd2 39. Rxg6
Rxf2+ 40. Ke4 Rb4+ 41. Kf5 Rxa4 42. e4 Rb4 43. Rh6 Re2 44. Re5 Rc4 45. Rxh5 Rc7
46. Re8 b5 47. Rhh8 b4 48. h5 b3 49. Ra8+ Kb6 50. Rh6+ Kc5 51. Raxa6 Rf7+ 52.
Ke5 Re7+ 53. Kf5 Rf7+ 54. Ke5 Re7+ 55. Kf5 Rf7+ 1/2-1/2

[Event "PRO League Group Stage"]
[Site "chess.com INT"]
[Date "2020.01.15"]
[Round "2"]
[White "Braun, Arik"]
[Black "Klein, David"]
[Result "1-0"]
[WhiteTitle "GM"]
[BlackTitle "GM"]
[WhiteElo "2605"]
[BlackElo "2495"]
[WhiteTeam "Germany Bears"]
[BlackTeam "Netherlands Mosquitoes"]
[WhiteFideId "4663527"]
[BlackFideId "1003623"]
[EventDate "2020.01.06"]

1. d4 Nf6 2. c4 e6 3. Nc3 Bb4 4. Qc2 c5 5. dxc5 Bxc5 6. Nf3 Qb6 7. e3 Qc7 8. Be2
a6 9. O-O b6 10. Na4 Bb7 11. Nxc5 bxc5 12. b3 Ng4 13. Rd1 Nc6 14. Bb2 f5 15. h3
h5 16. Qd2 Nf6 17. Qd6 Qxd6 18. Rxd6 Ne4 19. Rdd1 Rg8 20. h4 O-O-O 21. Nd2 Nf6
22. Nf3 Ne4 23. Ng5 Nxg5 24. hxg5 h4 25. Bf3 d6 26. Rd2 Kc7 27. Rad1 Rd7 28. Kh2
Na5 29. Bc3 Nc6 30. Kh3 Nd8 31. Ba5+ Kc8 32. Rxd6 Rxd6 33. Rxd6 Bxf3 34. gxf3
Nf7 35. Rc6+ Kb8 36. f4 Re8 37. Rxc5 g6 38. Rc6 Re7 39. Bb4 Re8 40. Rxa6 Kb7 41.
Ra5 e5 42. Rb5+ Kc6 43. Rc5+ Kb7 44. Rd5 Kc6 45. fxe5 Nxg5+ 46. Kxh4 Ne4 47. Kh3
Nxf2+ 48. Kg2 Ne4 49. a4 Rb8 50. Rb5 Rd8 51. e6 Re8 52. e7 Nd6 53. Bxd6 Kxd6 54.
Rd5+ Kc6 55. Kf3 Rxe7 56. a5 Rb7 57. Rb5 Rxb5 58. cxb5+ Kxb5 59. b4 g5 60. e4
g4+ 61. Kf4 fxe4 62. Kxe4 Ka6 63. Kf4 g3 64. Kxg3 Kb5 65. Kf4 Ka6 66. Ke4 Kb5
67. Kd4 Ka6 68. Kc5 Kb7 69. b5 Ka7 70. a6 Kb8 71. b6 Ka8 72. Kc6 Kb8 73. a7+ Ka8
74. b7+ Kxa7 75. Kc7 Ka6 76. b8=Q Ka5 77. Kc6 Ka6 78. Qa8# 1-0

[Event "PRO League Group Stage"]
[Site "chess.com INT"]
[Date "2020.01.15"]
[Round "2"]
[White "Baramidze, David"]
[Black "Admiraal, Miguoel"]
[Result "1-0"]
[WhiteTitle "GM"]
[BlackTitle "IM"]
[WhiteElo "2597"]
[BlackElo "2498"]
[WhiteTeam "Germany Bears"]
[BlackTeam "Netherlands Mosquitoes"]
[WhiteFideId "4667719"]
[BlackFideId "1019716"]
[EventDate "2020.01.06"]

1. Nf3 d5 2. d4 Nf6 3. Bf4 c5 4. c3 Nc6 5. e3 Qb6 6. Qc1 Bf5 7. Nbd2 e6 8. a4
cxd4 9. Nxd4 Nxd4 10. exd4 a6 11. a5 Qc6 12. Be2 Bd6 13. Bxd6 Qxd6 14. b4 Rc8
15. Nb3 O-O 16. Nc5 Rc7 17. O-O h6 18. h3 Re8 19. Qb2 e5 20. b5 exd4 21. cxd4
axb5 22. Bxb5 Ree7 23. Rfc1 Ne4 24. Nd3 Qf6 25. Ne5 Qg5 26. Nf3 Qf4 27. Be2 Ng5
28. Rxc7 Rxc7 29. Nxg5 hxg5 30. Bf3 Be4 31. Bxe4 Qxe4 32. a6 Rc2 33. Qxc2 Qxc2
34. a7 Qa2 35. Rxa2 Kh7 36. a8=Q f5 37. Qxb7 1-0

[Event "PRO League Group Stage"]
[Site "chess.com INT"]
[Date "2020.01.15"]
[Round "2"]
[White "Piorun, Kacper"]
[Black "Moroni, Luca Jr"]
[Result "1/2-1/2"]
[WhiteTitle "GM"]
[BlackTitle "GM"]
[WhiteElo "2611"]
[BlackElo "2532"]
[WhiteTeam "Poland Hussars"]
[BlackTeam "Italy Gladiators"]
[WhiteFideId "1130420"]
[BlackFideId "865834"]
[EventDate "2020.01.06"]

1. d4 d5 2. c4 e6 3. Nc3 Nf6 4. cxd5 exd5 5. Bg5 c6 6. e3 Be7 7. Bd3 Nbd7 8.
Nge2 O-O 9. Qc2 Re8 10. O-O Nf8 11. f3 g6 12. Rae1 Ne6 13. Bh4 b5 14. Kh1 Bb7
15. Bf2 Rc8 16. Rd1 b4 17. Na4 Qa5 18. b3 Nd7 19. Qb1 c5 20. dxc5 Ndxc5 21. Nxc5
Nxc5 22. Bc2 Bf6 23. Nd4 Ba6 24. Rfe1 Ne6 25. Nxe6 Rxe6 26. e4 dxe4 27. Bxe4 Bc3
28. Rg1 Qc7 29. Rd5 Bb7 30. Rc5 Qb8 31. Rb5 Re7 32. Rd1 a6 33. Rb6 Qa8 34. Rxb7
Rxb7 35. h4 Qb8 36. Bxb7 Qxb7 37. Qd3 h5 38. Kg1 Re8 39. a4 Qc6 40. Qd6 Qc8 41.
Rd5 Kg7 42. Rc5 Qd8 43. Rd5 Qxd6 44. Rxd6 Re2 45. Bd4+ Bxd4+ 46. Rxd4 a5 47. Rd5
Re3 48. Rxa5 1/2-1/2

[Event "PRO League Group Stage"]
[Site "chess.com INT"]
[Date "2020.01.15"]
[Round "2"]
[White "Bartel, Mateusz"]
[Black "Valsecchi, Alessio"]
[Result "0-1"]
[WhiteTitle "GM"]
[BlackTitle "GM"]
[WhiteElo "2639"]
[BlackElo "2512"]
[WhiteTeam "Poland Hussars"]
[BlackTeam "Italy Gladiators"]
[WhiteFideId "1112635"]
[BlackFideId "818860"]
[EventDate "2020.01.06"]

1. Nf3 c5 2. e4 d6 3. Nc3 a6 4. g3 Nf6 5. e5 dxe5 6. Nxe5 Nbd7 7. d4 cxd4 8.
Qxd4 Nxe5 9. Qxe5 g6 10. Bg5 Bg7 11. Rd1 Qb6 12. Nd5 Qxf2+ 13. Kxf2 Ng4+ 14. Ke2
Bxe5 15. Bxe7 Be6 16. Ba3 O-O-O 17. Bg2 Nf6 18. Nxf6 Bxf6 19. Rxd8+ Rxd8 20. b3
Bg4+ 21. Bf3 Bxf3+ 22. Kxf3 Rd2 23. Ke4 Rxc2 24. Rf1 Rxa2 25. Bc5 Re2+ 26. Kd5
Re5+ 27. Kd6 Re6+ 28. Kd5 b6 29. Bd6 Kd7 30. Bb8 a5 31. g4 Rc6 32. g5 Rc5+ 33.
Ke4 Bxg5 34. Rxf7+ Ke6 35. Rxh7 Rb5 36. Rg7 Rb4+ 37. Kd3 Kf6 38. Rb7 Rxb3+ 39.
Kc4 Rb4+ 40. Kd5 Be3 41. Be5+ Kg5 42. Bc3 Rb5+ 43. Ke4 Bg1 44. Be5 a4 45. Rf7
Rb4+ 46. Kf3 Rb3+ 47. Ke4 Kg4 48. Rg7 g5 49. Bf6 Rb5 50. h3+ Kh4 51. Rh7+ Kg3
52. Rg7 Rb4+ 53. Kf5 Be3 54. Bxg5 Bxg5 55. Rxg5+ Kxh3 56. Rg1 a3 57. Ra1 Rb3 58.
Ke5 b5 59. Kd4 Kg3 60. Kc5 Kf3 61. Rh1 Ke2 62. Rh2+ Kd1 63. Rh1+ Kc2 64. Rh2+
Kb1 65. Rh1+ Ka2 66. Rh2+ Rb2 67. Rh1 b4 68. Kc4 b3 69. Kc3 Rc2+ 0-1

[Event "PRO League Group Stage"]
[Site "chess.com INT"]
[Date "2020.01.15"]
[Round "2"]
[White "Sonis, Francesco"]
[Black "Plichta, Kamil"]
[Result "1/2-1/2"]
[WhiteTitle "IM"]
[BlackTitle "FM"]
[WhiteElo "2458"]
[BlackElo "2353"]
[WhiteTeam "Italy Gladiators"]
[BlackTeam "Poland Hussars"]
[WhiteFideId "895733"]
[BlackFideId "1141830"]
[EventDate "2020.01.06"]

1. d4 Nf6 2. c4 g6 3. g3 Bg7 4. Bg2 O-O 5. Nc3 d6 6. Nf3 Nc6 7. O-O e5 8. dxe5
Nxe5 9. b3 Nxf3+ 10. exf3 d5 11. Ba3 Re8 12. cxd5 Nd7 13. Rc1 Nb6 14. f4 a6 15.
Qd2 Bf5 16. Rfd1 Qd7 17. Bc5 Nc8 18. Bd4 Bxd4 19. Qxd4 Nd6 20. Re1 Re7 21. Re5
f6 22. Re3 Kf7 23. Rce1 Rae8 24. f3 Rxe3 25. Rxe3 Rxe3 26. Qxe3 h5 27. Bf1 a5
28. Kf2 b6 29. Be2 Qd8 30. Qd4 Qe7 31. Bf1 Qd7 32. Qe3 Qd8 33. Qd2 Qe7 34. Ne2
Nb5 35. a4 Qc5+ 36. Qe3 Qxe3+ 37. Kxe3 Nd6 38. Nd4 Bd7 39. Bd3 f5 40. Kd2 Kf6
41. h4 Bc8 42. Kc3 Bd7 43. Ba6 Ke7 44. Kd3 Be8 45. Bc4 Bd7 46. Ne2 Nb7 47. Kd4
Kd6 48. Ng1 Nd8 49. Nh3 Be8 50. Nf2 c5+ 51. dxc6 Bxc6 52. Nd3 Bxf3 53. Ne5 Nc6+
54. Ke3 Bd5 55. Bxd5 Kxd5 56. Nxg6 Kc5 57. Ne5 Ne7 58. Kd3 Kb4 59. Kc2 Nd5 60.
Kb2 Kc5 61. Nf3 Ne3 62. Kc3 Nf1 63. Nd4 Nxg3 64. Kd3 Kd5 65. Nc2 Ne4 66. Ne3+
Ke6 67. Kc4 Nd6+ 68. Kd4 b5 69. Kc5 bxa4 70. bxa4 Ne4+ 71. Kb6 Nf2 72. Kxa5 Nd3
73. Ng2 Kd5 74. Kb5 Kd4 75. Ka5 Nc5 76. Kb5 Nxa4 77. Kxa4 Ke4 78. Kb3 Kf3 79.
Ne1+ Kxf4 80. Kc3 Kg3 81. Kd3 Kxh4 82. Ke2 Kg3 83. Kf1 h4 84. Nd3 h3 85. Nf2 h2
86. Nh1+ Kf3 87. Nf2 f4 88. Nh1 Ke3 89. Nf2 f3 90. Ng4+ Kf4 91. Nxh2 f2 92. Kxf2 1/2-1/2

[Event "PRO League Group Stage"]
[Site "chess.com INT"]
[Date "2020.01.15"]
[Round "2"]
[White "Lodici, Lorenzo"]
[Black "Sadzikowski, Daniel"]
[Result "1/2-1/2"]
[WhiteTitle "IM"]
[BlackTitle "GM"]
[WhiteElo "2477"]
[BlackElo "2501"]
[WhiteTeam "Italy Gladiators"]
[BlackTeam "Poland Hussars"]
[WhiteFideId "884189"]
[BlackFideId "1132253"]
[EventDate "2020.01.06"]

1. f4 d5 2. Nf3 g6 3. g3 Bg7 4. Bg2 c6 5. O-O Nd7 6. Nc3 d4 7. Ne4 Ngf6 8. Nxf6+
Nxf6 9. c3 dxc3 10. bxc3 O-O 11. Rb1 Qc7 12. Qb3 b6 13. Ne5 Bb7 14. d4 Nd7 15.
Ba3 Nxe5 16. fxe5 c5 17. Bxb7 Qxb7 18. e6 fxe6 19. Qxe6+ Kh8 20. dxc5 Rxf1+ 21.
Rxf1 bxc5 22. Bxc5 Bxc3 23. Rf7 Rd8 24. Qb3 Qxb3 25. axb3 Bd4+ 26. Bxd4+ Rxd4
27. Rxe7 Rb4 28. Rxa7 Rxb3 29. Kf2 Rc3 30. h3 Kg8 31. e3 h6 32. Kf3 Rc4 33. e4
Rc1 34. Kf4 Rf1+ 35. Ke5 Rf3 36. g4 Rxh3 37. Kf6 Rg3 38. e5 Rxg4 39. e6 Rf4+ 40.
Kxg6 Kf8 41. Rh7 Ke8 42. Rxh6 Ke7 43. Kg5 Rf1 1/2-1/2

[Event "PRO League Group Stage"]
[Site "chess.com INT"]
[Date "2020.01.15"]
[Round "2"]
[White "Moroni, Luca Jr"]
[Black "Bartel, Mateusz"]
[Result "0-1"]
[WhiteTitle "GM"]
[BlackTitle "GM"]
[WhiteElo "2532"]
[BlackElo "2639"]
[WhiteTeam "Italy Gladiators"]
[BlackTeam "Poland Hussars"]
[WhiteFideId "865834"]
[BlackFideId "1112635"]
[EventDate "2020.01.06"]

1. c4 e5 2. Nc3 Nc6 3. Nf3 Nf6 4. e3 Bb4 5. Qc2 O-O 6. Nd5 Be7 7. a3 d6 8. Nxf6+
Bxf6 9. Bd3 g6 10. h4 Bg7 11. h5 f5 12. hxg6 hxg6 13. e4 Qf6 14. b4 Nd4 15. Nxd4
exd4 16. exf5 Bd7 17. O-O gxf5 18. Bb2 c5 19. Rae1 Rae8 20. b5 Qg5 21. Qd1 Be5
22. Qf3 Re7 23. Re2 Rh7 24. Rfe1 Rf6 25. Qxb7 Rh1+ 0-1

[Event "PRO League Group Stage"]
[Site "chess.com INT"]
[Date "2020.01.15"]
[Round "2"]
[White "Valsecchi, Alessio"]
[Black "Piorun, Kacper"]
[Result "1-0"]
[WhiteTitle "GM"]
[BlackTitle "GM"]
[WhiteElo "2512"]
[BlackElo "2611"]
[WhiteTeam "Italy Gladiators"]
[BlackTeam "Poland Hussars"]
[WhiteFideId "818860"]
[BlackFideId "1130420"]
[EventDate "2020.01.06"]

1. c4 e5 2. g3 d6 3. Nc3 f5 4. Bg2 Nc6 5. d3 g6 6. e4 Bg7 7. Nge2 Nf6 8. O-O O-O
9. Nd5 Be6 10. Bg5 Qd7 11. Rc1 Nh5 12. exf5 Bxf5 13. b4 Rae8 14. b5 Nd8 15. d4
e4 16. Bxd8 Rxd8 17. Nec3 Rde8 18. Ne3 Bh3 19. Bxh3 Qxh3 20. Ncd5 c6 21. bxc6
bxc6 22. Nb4 Bh6 23. c5 d5 24. Nxc6 Nxg3 25. hxg3 Rxf2 26. Kxf2 Rf8+ 27. Ke1
Qxg3+ 28. Kd2 Bxe3+ 29. Kc2 Bxc1 30. Rxf8+ Kxf8 31. Kxc1 Qf2 32. Nb4 e3 33. Nc2
h5 34. c6 Ke7 35. Qd3 e2 36. Qc3 Kd8 37. Qa5+ Kc8 38. Qa6+ Kd8 39. Qa5+ Kc8 40.
Kb2 Qf7 41. Qa6+ Kb8 42. Qxe2 Kc7 43. Qa6 Qe6 44. Qb7+ Kd6 45. c7 1-0

[Event "PRO League Group Stage"]
[Site "chess.com INT"]
[Date "2020.01.15"]
[Round "2"]
[White "Sadzikowski, Daniel"]
[Black "Sonis, Francesco"]
[Result "1-0"]
[WhiteTitle "GM"]
[BlackTitle "IM"]
[WhiteElo "2501"]
[BlackElo "2458"]
[WhiteTeam "Poland Hussars"]
[BlackTeam "Italy Gladiators"]
[WhiteFideId "1132253"]
[BlackFideId "895733"]
[EventDate "2020.01.06"]

1. d4 Nf6 2. c4 e6 3. g3 d5 4. Bg2 Bb4+ 5. Nd2 O-O 6. Nf3 dxc4 7. Qc2 a5 8. a3
Bxd2+ 9. Bxd2 b5 10. a4 c6 11. h4 Ba6 12. h5 h6 13. g4 Nxg4 14. Rg1 f5 15. Bh3
Qe8 16. Bxg4 fxg4 17. Ne5 Qxh5 18. Nxg4 Kh8 19. O-O-O Qf5 20. e4 Qh5 21. Nxh6
gxh6 22. Rh1 Qe2 23. Rxh6+ Kg7 24. Rg1+ Kf7 25. Rf6+ Kxf6 26. Bg5+ Kf7 27. Qxe2
Ke8 28. Qh5+ Kd7 29. Bf4 Kc8 30. Qe5 Rf7 31. Rg8+ 1-0

[Event "PRO League Group Stage"]
[Site "chess.com INT"]
[Date "2020.01.15"]
[Round "2"]
[White "Plichta, Kamil"]
[Black "Lodici, Lorenzo"]
[Result "0-1"]
[WhiteTitle "FM"]
[BlackTitle "IM"]
[WhiteElo "2353"]
[BlackElo "2477"]
[WhiteTeam "Poland Hussars"]
[BlackTeam "Italy Gladiators"]
[WhiteFideId "1141830"]
[BlackFideId "884189"]
[EventDate "2020.01.06"]

1. e4 e5 2. Nf3 Nc6 3. Nc3 Nf6 4. Bb5 Bd6 5. O-O O-O 6. d3 Re8 7. Ne2 Ne7 8. Ng3
Ng6 9. Re1 Bf8 10. d4 c6 11. dxe5 Nxe5 12. Nxe5 Rxe5 13. Bd3 d5 14. Bf4 Re8 15.
e5 Nd7 16. c3 g6 17. Nh5 Re6 18. Qg4 Kh8 19. Bg5 Be7 20. Bxe7 Qxe7 21. f4 gxh5
22. Qxh5 Rg6 23. Bxg6 fxg6 24. Qf3 Nc5 25. g4 Be6 26. f5 gxf5 27. gxf5 Qg5+ 28.
Kf2 Qxf5 29. Qxf5 Bxf5 30. Ke3 Nd3 31. Rf1 Bg6 32. Kd4 Re8 33. Rf6 Nxe5 34. Raf1
Kg7 35. Rd6 Re7 36. h4 Nf7 37. Rdf6 Re4+ 38. Kc5 Rc4# 0-1

[Event "PRO League Group Stage"]
[Site "chess.com INT"]
[Date "2020.01.15"]
[Round "2"]
[White "Meier, Georg"]
[Black "Van Wely, Loek"]
[Result "1/2-1/2"]
[WhiteTitle "GM"]
[BlackTitle "GM"]
[WhiteElo "2629"]
[BlackElo "2609"]
[WhiteTeam "Germany Bears"]
[BlackTeam "Netherlands Mosquitoes"]
[WhiteFideId "4675789"]
[BlackFideId "1000268"]
[EventDate "2020.01.06"]

1. Nf3 d5 2. g3 g6 3. Bg2 Bg7 4. d4 c6 5. O-O Nf6 6. b3 O-O 7. Bb2 a5 8. c4 a4
9. e3 Bf5 10. Qe2 Nbd7 11. Rc1 Qb6 12. Nbd2 e6 13. Nh4 Rfe8 14. cxd5 cxd5 15.
Nxf5 gxf5 16. Bf1 a3 17. Bc3 Rec8 18. Qb5 Qc7 19. Nf3 Bf8 20. Bd2 Qb6 21. Be1
Bd6 22. Bd3 Kf8 23. Kg2 Ke7 24. Ng1 Qxb5 25. Bxb5 Ne8 26. Ne2 Nc7 27. Bd3 Nb8
28. b4 Nc6 29. Rab1 Kd7 30. b5 Nb8 31. f3 Kd8 32. b6 Nca6 33. Rxc8+ Kxc8 34. e4
fxe4 35. fxe4 Nc6 36. exd5 exd5 37. Bxh7 Nab4 38. Bxb4 Nxb4 39. Bf5+ Kd8 40. Nc3
Ra6 41. Rb3 Nc6 42. Bd3 Ra5 43. Rb5 Rxb5 44. Nxb5 Bb4 45. Bc2 Ba5 46. Bb3 Nb4
47. Nc3 Bxb6 48. Nxd5 Nxd5 49. Bxd5 Ke7 50. Bxb7 Bxd4 51. g4 f6 52. Bd5 Kf8 53.
Kf3 Kg7 54. Ke4 Bb2 55. Kf5 1/2-1/2

[Event "PRO League Group Stage"]
[Site "chess.com INT"]
[Date "2020.01.15"]
[Round "2"]
[White "Tomczak, Jacek"]
[Black "Spoelman, Wouter"]
[Result "0-1"]
[WhiteTitle "GM"]
[BlackTitle "GM"]
[WhiteElo "2603"]
[BlackElo "2578"]
[WhiteTeam "Germany Bears"]
[BlackTeam "Netherlands Mosquitoes"]
[WhiteFideId "1124668"]
[BlackFideId "1010891"]
[EventDate "2020.01.06"]

1. e4 c5 2. Nf3 e6 3. d4 cxd4 4. Nxd4 a6 5. Be2 g6 6. O-O Bg7 7. Nc3 Ne7 8. Nb3
Nbc6 9. Bf4 d5 10. exd5 Nxd5 11. Nxd5 exd5 12. Bf3 O-O 13. c3 Be6 14. Re1 Qb6
15. Be3 Qc7 16. Nd4 Ne5 17. Bf4 Nxf3+ 18. Qxf3 Qb6 19. Nb3 d4 20. Nxd4 Qxb2 21.
Nxe6 fxe6 22. Qe3 Kh8 23. Be5 Rf7 24. Bxg7+ Kxg7 25. Qe5+ Kg8 26. Qxe6 Qxf2+ 27.
Kh1 Qf5 28. Qxf5 Rxf5 29. Rab1 b5 30. h3 Rc8 31. Re3 Rf2 32. a4 bxa4 33. Rb7 a3
34. Ra7 Rf1+ 35. Kh2 a2 36. Ree7 a1=Q 37. Rg7+ Kf8 38. Rxh7 Rh1+ 0-1

[Event "PRO League Group Stage"]
[Site "chess.com INT"]
[Date "2020.01.15"]
[Round "2"]
[White "Admiraal, Miguoel"]
[Black "Braun, Arik"]
[Result "0-1"]
[WhiteTitle "IM"]
[BlackTitle "GM"]
[WhiteElo "2498"]
[BlackElo "2605"]
[WhiteTeam "Netherlands Mosquitoes"]
[BlackTeam "Germany Bears"]
[WhiteFideId "1019716"]
[BlackFideId "4663527"]
[EventDate "2020.01.06"]

1. a3 g6 2. h3 Bg7 3. d4 d5 4. Nf3 Nf6 5. Bf4 O-O 6. e3 c5 7. Nc3 cxd4 8. exd4
Nc6 9. Be2 Ne4 10. O-O Nxc3 11. bxc3 b6 12. Qd2 Re8 13. Rad1 Bb7 14. c4 dxc4 15.
Bxc4 e6 16. d5 exd5 17. Bxd5 Na5 18. c4 Bxd5 19. cxd5 Qd7 20. Rfe1 Nc4 21. Qb4
Rxe1+ 22. Nxe1 b5 23. a4 Nb2 24. Rb1 Qf5 25. Rxb2 Bxb2 26. axb5 Be5 27. Be3 Qd7
28. Qb3 Rd8 29. f4 Bg7 30. Nf3 Qxd5 31. Qxd5 Rxd5 32. Bxa7 Rxb5 33. Bf2 Rb2 34.
Be3 f5 35. Kh2 Bf6 36. Kg3 Kf7 37. Bf2 Ke6 38. Be3 Kd5 39. Bf2 Ke4 40. Bc5 Rb3
41. Bd6 h5 42. h4 Rd3 43. Bc7 Be7 44. Bb8 Bd6 45. Bxd6 Rxd6 46. Ng5+ Ke3 47. Nf7
Rd4 48. Ne5 Rxf4 49. Kh3 Rg4 50. g3 Kf2 51. Nd3+ Kf1 52. Ne5 Re4 53. Nxg6 Re2
54. Nf4 Re3 55. Nxh5 Kf2 56. Kh2 Ra3 57. Kh3 Kg1 58. Nf4 Ra2 59. g4 Ra3+ 0-1